LEADER 01414nam 22004813 450 001 9910830535903321 005 20230823004823.0 010 $a0-89118-638-7 010 $a0-89118-637-9 010 $a0-89118-629-8 035 $a(CKB)4100000010013927 035 $a(MiAaPQ)EBC6663971 035 $a(Au-PeEL)EBL6663971 035 $a(OCoLC)1259592261 035 $a(NjHacI)994100000010013927 035 $a(EXLCZ)994100000010013927 100 $a20210901d2020 uy 0 101 0 $aeng 135 $aurcnu|||||||| 181 $ctxt$2rdacontent 182 $cc$2rdamedia 183 $acr$2rdacarrier 200 10$aFescue Toxicosis and Management 205 $a2nd ed. 210 1$aNewark :$cAmerican Society of Agronomy,$d2020. 210 4$dİ2018. 215 $a1 online resource (49 pages) 225 1 $aASA, CSSA, and SSSA Bks. 311 $a0-89118-630-1 327 $aIntro -- Table of Contents -- Copyright -- Title Page -- Tall fescue -- About the Societies -- End User License Agreement. 410 0$aASA, CSSA, and SSSA Bks. 606 $aFescue$eBreeding 615 0$aFescue 676 $a633.237 700 $aRoberts$b Craig A$0873791 701 $aAndrae$b John$01666566 801 0$bMiAaPQ 801 1$bMiAaPQ 801 2$bMiAaPQ 906 $aBOOK 912 $a9910830535903321 996 $aFescue Toxicosis and Management$94025884 997 $aUNINA LEADER 02145nas 2200541-a 450 001 9910131188303321 005 20241221111622.0 035 $a(CKB)110978978958842 035 $a(CONSER)---94651314- 035 $a(MiFhGG)0OXV 035 $a(EXLCZ)99110978978958842 100 $a19910227b198u2007 --- a 101 0 $aeng 181 $ctxt$2rdacontent 182 $cc$2rdamedia 183 $acr$2rdacarrier 200 00$aExpansion management 210 $aBoulder, CO $cNew Hope Communications 215 $a1 online resource 300 $aIssues for <1999-2001> published in Little Silver, N.J. by Penton. 311 08$aPrint version: Expansion management. (DLC) 94651314 (DLC)sn 93007829 (OCoLC)23162389 1073-8355 531 $aEXPANSION MANAGEMENT GROWTH STRATEGIES FOR COMPANIES ON THE MOVE 531 0 $aExpans. manag. 606 $aBusiness relocation$zUnited States$xManagement$vPeriodicals 606 $aIndustrial location$zUnited States$vPeriodicals 606 $aEmployees$xTraining of$zUnited States$vPeriodicals 606 $aInternational business enterprises$zUnited States$xManagement$vPeriodicals 606 $aBusiness relocation$xManagement$2fast$3(OCoLC)fst00842875 606 $aEmployees$xTraining of$2fast$3(OCoLC)fst00909221 606 $aIndustrial location$2fast$3(OCoLC)fst00971222 606 $aInternational business enterprises$xManagement$2fast$3(OCoLC)fst00976812 607 $aUnited States$2fast$1https://id.oclc.org/worldcat/entity/E39PBJtxgQXMWqmjMjjwXRHgrq 608 $aPeriodicals.$2fast 608 $aPeriodicals.$2lcgft 615 0$aBusiness relocation$xManagement 615 0$aIndustrial location 615 0$aEmployees$xTraining of 615 0$aInternational business enterprises$xManagement 615 7$aBusiness relocation$xManagement. 615 7$aEmployees$xTraining of. 615 7$aIndustrial location. 615 7$aInternational business enterprises$xManagement. 676 $a658.2/1/05 906 $aJOURNAL 912 $a9910131188303321 920 $aexl_impl conversion 996 $aExpansion management$92195857 997 $aUNINA LEADER 03637nam 22007573u 450 001 9910974506803321 005 20240516170548.0 010 $a1-280-87946-7 010 $a9786613720771 010 $a1-4625-0487-6 035 $a(CKB)2670000000206433 035 $a(EBL)929369 035 $a(OCoLC)796815910 035 $a(SSID)ssj0000691645 035 $a(PQKBManifestationID)12260819 035 $a(PQKBTitleCode)TC0000691645 035 $a(PQKBWorkID)10634990 035 $a(PQKB)10171560 035 $a(MiAaPQ)EBC929369 035 $a(EXLCZ)992670000000206433 100 $a20130527d2012|||| u|| | 101 0 $aeng 135 $aur|n|---||||| 181 $ctxt 182 $cc 183 $acr 200 10$aMotivational Interviewing in the Treatment of Anxiety 205 $a1st ed. 210 $aNew York $cGuilford Publications$d2012 215 $a1 online resource (289 p.) 225 1 $aApplications of Motivational Interviewing 300 $aDescription based upon print version of record. 311 $a1-4625-0481-7 327 $aCover; Front Matter; Contents; Part I--Integrating Motivational Interviewing into the Treatment of Anxiety and Related Problems; 1--Where and Why Motivational Interviewing Fits; 2--The Spirit of Motivational Interviewing; Part II--Assessing Readiness for Change; 3--Observing Resistance; 4--Asking about Readiness; Part III--Understanding Ambivalence and Building Resolve; 5--Introduction to Working with Ambivalence; 6--Understanding and Reframing Resistance to Change; 7--Evoking and Elaborating Change Talk; 8--Developing Discrepancy 327 $aPart IV--Extending Motivational Interviewing into the Action Phase9--Evoking and Elaborating Client Expertise; 10--Sharing Your Expertise; 11--Listening Reflectively; 12--Rolling with Resistance; Part V--Putting It All Together; 13--Integrated Case Example; Epilogue: Training and Future Directions; Appendix: Resources and Recommended Readings; References; Index 330 $aThis practical book provides effective strategies for helping therapy clients with anxiety resolve ambivalence and increase their intrinsic motivation for change. The author shows how to infuse the spirit and methods of motivational interviewing (MI) into cognitive-behavioral therapy or any other anxiety-focused treatment. She describes specific ways to use MI as a pretreatment intervention or integrate it throughout the course of therapy whenever motivational impasses occur. Vivid clinical material--including a chapter-length case example of a client presenting with anxiety and depressio 410 0$aApplications of Motivational Interviewing 606 $aAnxiety 606 $aAnxiety - Treatment 606 $aMotivational interviewing 606 $aAnxiety$xTreatment 606 $aMotivational interviewing 606 $aAnxiety 606 $aAnxiety$xtherapy 606 $aMotivational Interviewing 606 $aCounseling$xmethods 606 $aMotivation 615 4$aAnxiety. 615 4$aAnxiety - Treatment. 615 4$aMotivational interviewing. 615 0$aAnxiety$xTreatment. 615 0$aMotivational interviewing. 615 0$aAnxiety. 615 12$aAnxiety$xtherapy. 615 22$aMotivational Interviewing. 615 22$aCounseling$xmethods. 615 22$aMotivation. 676 $a616.85220651 700 $aWestra$b Henny A$01854393 801 0$bAU-PeEL 801 1$bAU-PeEL 801 2$bAU-PeEL 906 $aBOOK 912 $a9910974506803321 996 $aMotivational Interviewing in the Treatment of Anxiety$94451587 997 $aUNINA